Mafia II - All areas of Empire Bay - Statistics

General Stats
  • This quiz has been taken 66 times
  • The average score is 9 of 19
Answer Stats
Answer % Correct
Little Italy
86%
Oyster Bay
65%
Chinatown
62%
Greenfield
59%
Kingston
59%
Riverside
59%
Midtown
57%
Sand Island
49%
Hunters Point
43%
Uptown
41%
West Side
41%
East Side
38%
Highbrook
38%
Dipton
35%
North Millville
32%
Southport
32%
Hillwood
30%
South Millville
30%
Port
27%
No matching quizzes found
Score Distribution
Percent of People with Each Score
Percentile by Number Answered
Your Score History
You have not taken this quiz